|
|
|
|
| LEADER |
00816nab a2200229 i 4500 |
| 001 |
misc63660 |
| 005 |
20221025150730.0 |
| 008 |
220617s1953 hu o 0|| tur d |
| 040 |
|
|
|a SZTE Miscellanea Repozitórium
|b hun
|
| 041 |
|
|
|a tur
|
| 100 |
1 |
|
|a Mansuroğlu Mecdut
|
| 245 |
1 |
0 |
|a Türkçede -miş ekinin fonksionları
|h [elektronikus dokumentum] /
|c Mansuroğlu Mecdut
|
| 260 |
|
|
|c 1953
|
| 300 |
|
|
|a 345-350
|c 25 cm
|
| 300 |
|
|
|a [6] p.
|c 25 cm
|
| 490 |
0 |
|
|a 60. doğum yılı münasebetiyle Fuad Köprülü armağanı = Mélanges Fuad Köprülü
|
| 561 |
|
|
|a Németh Gyula hagyaték
|
| 591 |
|
|
|a NOA 3442
|
| 650 |
|
4 |
|a Bölcsészettudományok
|
| 650 |
|
4 |
|a Nyelvek és irodalom
|
| 695 |
|
|
|a Török nyelv - alaktan
|
| 856 |
4 |
0 |
|u http://misc.bibl.u-szeged.hu/63660/1/3442_noa_m26.pdf
|z Dokumentum-elérés
|